000 00419nam a2200193Ia 4500
008 101110s9999 xx 000 0 und d
041 _aMARATHI
082 _bSR3621
_a891.4611
100 _aNirnay Sagar
245 _aDnyaneshwari
365 _b10
520 _aMarathi
546 _aMARATHI
630 _aDnyaneshwari
650 _aMarathi
655 _aMarathi
730 _aDnyaneshwari
942 _cBOOK
999 _c800090
_d800087